Pérenniser la Qualité des soins de santé (Record no. 49640)

MARC details
000 -LEADER
fixed length control field 00537nam a22001577a 4500
008 - FIXED-LENGTH DATA ELEMENTS--GENERAL INFORMATION
fixed length control field 110816t xxu||||| |||| 00| 0 eng d
040 ## - CATALOGING SOURCE
Original cataloging agency BUAC
Transcribing agency CDIRSP
041 ## - LANGUAGE CODE
Language code of text/sound track or separate title Fr
100 ## - MAIN ENTRY--PERSONAL NAME
Personal name Agence des Etats- Unis pour le Développement International (USAID)
9 (RLIN) 18299
245 ## - TITLE STATEMENT
Title Pérenniser la Qualité des soins de santé
Remainder of title : l'institutionnalisation de l'Assurance de Qualité
Statement of responsibility, etc / USAID, AQ
260 ## - PUBLICATION, DISTRIBUTION, ETC. (IMPRINT)
Place of publication, distribution, etc USA :
Name of publisher, distributor, etc AQ,
Date of publication, distribution, etc 2002
300 ## - PHYSICAL DESCRIPTION
Extent 60 p.
650 ## - SUBJECT ADDED ENTRY--TOPICAL TERM
Topical term or geographic name as entry element Assurance qualité
9 (RLIN) 18300
653 ## - INDEX TERM--UNCONTROLLED
Uncontrolled term Qualité soins santé
942 ## - ADDED ENTRY ELEMENTS (KOHA)
Item type Livre
Holdings
Withdrawn status Lost status Damaged status Not for loan Location (home branch) Sublocation or collection (holding branch) Date acquired Source of acquisition Koha issues (times borrowed) Koha full call number Piece designation (barcode) Koha date last seen Copy number Price effective from Koha item type
        Centre de Documentation et d'Information de l'Institut Regional Santé Publique Centre de Documentation et d'Information de l'Institut Regional Santé Publique 17/08/2011 Don   WA 100 PER 4472CDISP 17/08/2011 1 17/08/2011 Livre exclu du prêt


© 2008, Bibliothèques de l'Université d'Abomey-Calavi

04 BP 789 Cotonou, Tél. : +229 21 36 01 01, Fax : +229 21 35 06 32

Courriel : bu@bu.uac.bj